01416nam a2200337 a 4500001001100000003000800011006001900019007001500038008004100053010001700094020001500111037006700126035002000193040002100213050002600234082001600260100004800276245011900324260009200443300005500535504004100590533015200631651003700783651003700820655002900857700001900886700001600905710001700921856012500938999001501063ebr5000417CaPaEBRm u cr cn|||||||||001201s2000 si af sb 000 0beng  z 00365264  z9810244126 bLibrary of Congress -- Jakarta Overseas OfficecS[dollar]29.95 a(OCoLC)70769077 aCaPaEBRcCaPaEBR14aDS33.4.A8bK64 2000eb04a327.5042211 aKoh, Tommy T. B.q(Tommy Thong Bee),d1937-10aAsia and Europeh[electronic resource] :bessays and speeches /cby Tommy Koh, edited by Yeo Lay Hwee, Asad Latif. aSingapore ;aRiver Edge, NJ :bWorld Scientific Pub. :bAsia-Europe Foundation,cc2000. axx, 173 p., [20] p. of plates :bill. (some col.). aIncludes bibliographical references. aElectronic reproduction.bPalo Alto, Calif. :cebrary,d2013.nAvailable via World Wide Web.nAccess may be limited to ebrary affiliated libraries. 0aAsiaxForeign relationszEurope. 0aEuropexForeign relationszAsia. 7aElectronic books.2local1 aYeo, Lay Hwee.0 aAsad Latif.2 aebrary, Inc.40uhttp://site.ebrary.com/lib/rucke/Doc?id=5000417zAn electronic book accessible through the World Wide Web; click to view c2800d2800